000 00448cam a2200193 4500
001 D7026
008 090401t1967 xxu||||| |||| 00| 0 eng d
035 _a(Sirsi) u4760
041 _aeng
050 _a346.41043
100 _aMaudsley, R.H.
245 _aLand law: cases and materials
260 _aLondon
_bButterworths
_c1967
300 _axlix. 614p. 25cm
350 _a3.25
700 _aBurn, E.H.
942 _n0
948 _c04/03/1997
999 _c86060
_d86060